000 00287nam a22001337a 4500
008 170616b xxu||||| |||| 00| 0 eng d
020 _a9780312547325
041 _aeng
080 _29TH
_a323
100 _a20
101 _aSHP
245 _aCURRENT ISSUES
_cBARNET,S
942 _2udc
_cBK
999 _c17932
_d17932